Pokémon - Les attaques de Cobaltium - Statistiques

Statistiques générales
  • Ce quiz a été pris 17 fois
  • Le résultat moyen est 9 sur 14
Statistiques - réponses
Niveaux Types Noms des attaques % Correct
Niveau 70 Combat Close Combat
89%
Niveau 21 Combat Double Pied
89%
Niveau 49 Combat Lame Sainte
89%
Niveau 63 Acier Tête de Fer
89%
Départ Normal Vive-Attaque
89%
Niveau 7 Acier Griffe Acier
78%
Niveau 42 Normal Bélier
67%
Départ Normal Groz'Yeux
67%
Niveau 35 Acier Fulmifer
56%
Niveau 28 Normal Vengeance
56%
Niveau 56 Normal Danse Lames
44%
Niveau 14 Combat Prévention
22%
Départ Normal Rengorgement
22%
Départ Normal Coup d'Main
11%
Aucun quiz correspondant
Distribution des résultats
% des personnes avec chaque résultat
Percentile par nombre de réponses
Votre historique - résultats
Vous n’avez pas pris ce quiz